000 00887cab a2200241 4500
001 ABS55936
008 090401t1996 xxu||||| |||| 00| 0 eng d
035 _a(Sirsi) u19937
041 _aeng
100 _aBuck, R.
245 4 _aThe true cost of dilapidations
260 _c1996
350 _a0
490 _aManufacturing Management
_v5(9) October 1996, 6(1)
520 _aExplains why it is necessary for not only the property owner, but the leaseholder or occupier as well, to maintain the fabric and decor of a factory, and how to achieve this. Suggests that professional advice is sought to control costs and liability in dilapidations claims.
650 _aDilapidations
_96235
650 _aFACTORIES
650 _aREPAIRS
690 _aBUILDING AND CONSTRUCTION-REPAIRS AND MAINTENANCE
690 _aLandlord and tenant
_96252
942 _n0
948 _c04/03/1997
999 _c13363
_d13363